000 00651nam a2200265Ia 4500
003 OSt
005 20220912153051.0
006 a|||||r|||| 00| 0
007 ta
008 220909b |||||||| |||| 00| 0 eng d
024 _a22586
037 _cTextual
040 _aCSL
_beng
_cCSL
041 _aeng
082 _aY:425, M0
100 _aWindmiller M
245 0 _aMoral devlopment and socialization
260 _c1980
300 _ap.
_ccm.
650 _aMoral devlopment
700 _a Lambert N Ed.
700 _a Turiel
942 _hY:425, M0
_cTEXL
_2CC
999 _c97593
_d97593